000 00885nam a2200265 i 4500
003 DO-SdBNP
005 20240229073832.0
007 ta
008 230630b2018 dr o|||| |||| 00| 0 spa d
040 _aDO-SdBNP
_bspa
_cBNPHU
_erda
082 4 _222
100 1 _aHernández, Ángela,
_d1954-
_eautora
_92564
245 1 0 _aSingular & plural :
_bfotografías /
_cÁngela Hernández, Sergui Giusti, Marianne de Tolentino
264 _aSanto Domingo :
_bMinisterio de Cultura,
_c2018.
300 _a39 páginas :
_bfotografías ;
_c28 cm.
336 _2rdacontent
_atexto
_btxt
337 _2rdamedia
_asin mediación
_bn
338 _2rdacarrier
_avolumen
_bnc
500 _aIncluye datos biográficos de la autora en la página 39
590 _aInventariado, 2023/BT
700 1 _aGiusti, Sergui
_983638
700 1 _aTolentino, Marianne
_962006
910 _aBtavárez
942 _2ddc
_cLF2
999 _c54023
_d54023